Záložné právo ako zabezpečovací inštitút záväzkového práva diplomová práca

Gespeichert in:
Bibliographische Detailangaben
1. Verfasser: Nociarová, Katarína
Körperschaft: Obchodná fakulta EU. Katedra obchodného práva
Weitere Verfasser: Veterníková, Mária, 1964-
Format: Buch
Sprache:Slowakisch
Veröffentlicht: Bratislava 2012
Tags: Tag hinzufügen
Keine Tags, Fügen Sie das erste Tag hinzu!

MARC

LEADER 00000nbm a2200000 4500
001 0159009
005 20161109102223.4
041 0 |a slo 
044 |a SK 
245 1 0 |a Záložné právo ako zabezpečovací inštitút záväzkového práva  |b diplomová práca  |c Katarína Nociarová ; školiteľ: Mária Veterníková 
264 1 |a Bratislava  |c 2012 
300 |a 68 s. 
100 1 |a Nociarová, Katarína 
700 1 |a Veterníková, Mária, 1964- 
710 2 |a Obchodná fakulta EU. Katedra obchodného práva